Is the Reformation over? : an evangelical assessment of contemporary Roman Catholicism / Mark A. Noll, Carolyn Nystrom
Record details
- ISBN: 0801027977
- Physical Description: 272 s. ; 24 cm
- Publisher: Grand Rapids, Mich. : BakerAcademic ; c2005
Content descriptions
| Bibliography, etc. Note: | Includes bibliographical references (p. 253-265) and index |
| Formatted Contents Note: | Things are not the way they used to be -- Historic standoff -- Why did things change? -- Ecumenical dialogues -- The Catholic catechism -- Evangelicals and Catholics together -- Reactions from antagonism to conversion -- An American assessment -- Is the Reformation over? |
Available copies
- 1 of 1 copy available at Common Catalog SPOK.
Holds
- 0 current holds with 1 total copy.
Other Formats and Editions
Show All Copies
| Location | Call Number / Copy Notes | Barcode | Shelving Location | Status | Due Date |
|---|---|---|---|---|---|
| Jabok Library | ST-2.1 | 424480027937 | Odborná literatura | Available | - |
Electronic resources
Version of Resource: http://www.loc.gov/catdir/toc/ecip052/2004023843.html
- Table of contents
| LDR | 01572cam a22002894a 4500 | ||
|---|---|---|---|
| 001 | 17338 | ||
| 003 | CZ-PrJAB | ||
| 005 | 20200213145501.0 | ||
| 008 | 041008s2005 miu b 001 0 eng | ||
| 020 | . | ‡a0801027977 | |
| 035 | . | ‡a(CONS)17338 | |
| 040 | . | ‡aDLC ‡beng ‡cDLC ‡dABG312 | |
| 082 | 0 | 0. | ‡a280/.042 ‡222 |
| 100 | 1 | . | ‡aNoll, Mark A., ‡d1946- ‡4aut |
| 245 | 1 | 0. | ‡aIs the Reformation over? : ‡ban evangelical assessment of contemporary Roman Catholicism / ‡cMark A. Noll, Carolyn Nystrom |
| 260 | . | ‡aGrand Rapids, Mich. : ‡bBakerAcademic ; ‡aBletchley, Milton Keynes, Uk : ‡bPaternoster, ‡cc2005 | |
| 300 | . | ‡a272 s. ; ‡c24 cm | |
| 504 | . | ‡aIncludes bibliographical references (p. 253-265) and index | |
| 505 | 0 | . | ‡aThings are not the way they used to be -- Historic standoff -- Why did things change? -- Ecumenical dialogues -- The Catholic catechism -- Evangelicals and Catholics together -- Reactions from antagonism to conversion -- An American assessment -- Is the Reformation over? |
| 653 | 0 | . | ‡akatolická církev ‡aevangelická církev ‡areformace |
| 700 | 1 | . | ‡aNystrom, Carolyn |
| 856 | 4 | 1. | ‡3Table of contents ‡uhttp://www.loc.gov/catdir/toc/ecip052/2004023843.html |
| 910 | . | ‡aABG312 | |
| 995 | . | ‡aska | |
| 901 | . | ‡a17338 ‡bCZ-PrJAB ‡c17338 ‡tbiblio | |